ARRUPE JESUIT UNIVERSITY

CORONAVIRUS -STOP THE SPREAD - CLEAN,DISINFECT,COVER

The kite runner (Record no. 127179)

MARC details
000 -LEADER
fixed length control field 01702cim a22003974a 4500
001 - CONTROL NUMBER
control field 13458022
003 - CONTROL NUMBER IDENTIFIER
control field ARRUPE
005 - DATE AND TIME OF LATEST TRANSACTION
control field 20171107100032.0
007 - PHYSICAL DESCRIPTION FIXED FIELD--GENERAL INFORMATION
fixed length control field ss lsnjlcmnnce
008 - FIXED-LENGTH DATA ELEMENTS--GENERAL INFORMATION
fixed length control field 040114s2003 nyunnn f| eng
010 ## - LIBRARY OF CONGRESS CONTROL NUMBER
LC control number 2004567972
020 ## - INTERNATIONAL STANDARD BOOK NUMBER
International Standard Book Number 0743530233
024 0# - OTHER STANDARD IDENTIFIER
Standard number or code 9780743530231
040 ## - CATALOGING SOURCE
Original cataloging agency DLC
Transcribing agency DLC
Modifying agency DLC
042 ## - AUTHENTICATION CODE
Authentication code pcc
043 ## - GEOGRAPHIC AREA CODE
Geographic area code a-af---
050 00 - LIBRARY OF CONGRESS CALL NUMBER
Classification number PR-518-1
300 ## - PHYSICAL DESCRIPTION
Other physical details analog, Dolby processed.
100 1# - MAIN ENTRY--PERSONAL NAME
Personal name Hosseini, Khaled.
9 (RLIN) 37397
245 14 - TITLE STATEMENT
Title The kite runner
Medium [sound recording] /
Statement of responsibility, etc Khaled Hosseini.
260 ## - PUBLICATION, DISTRIBUTION, ETC. (IMPRINT)
Place of publication, distribution, etc New York :
Name of publisher, distributor, etc Simon & Schuster Audio,
Date of publication, distribution, etc p2003.
300 ## - PHYSICAL DESCRIPTION
Extent 8 sound cassettes (ca. 12 hrs.) :
306 ## - PLAYING TIME
Playing time 120000
500 ## - GENERAL NOTE
General note Unabridged.
500 ## - GENERAL NOTE
General note In container (18 cm.).
511 0# - PARTICIPANT OR PERFORMER NOTE
Participant or performer note Read by the author.
520 ## - SUMMARY, ETC.
Summary, etc Story of the friendship between two boys growing up in Kabul during the final days of the monarchy. When Amir is forced to flee with his prominent and wealthy father for a new life in California, he leaves behind Hassan, the son of his father's servant. Amir cannot, however, leave the memory of Hassan behind him.
650 #0 - SUBJECT ADDED ENTRY--TOPICAL TERM
Topical term or geographic name as entry element Betrayal
Form subdivision Fiction.
9 (RLIN) 37398
650 #0 - SUBJECT ADDED ENTRY--TOPICAL TERM
Topical term or geographic name as entry element Boys
Form subdivision Fiction.
9 (RLIN) 37399
650 #0 - SUBJECT ADDED ENTRY--TOPICAL TERM
Topical term or geographic name as entry element Male friendship
Form subdivision Fiction.
9 (RLIN) 37400
650 #0 - SUBJECT ADDED ENTRY--TOPICAL TERM
Topical term or geographic name as entry element Social classes
Form subdivision Fiction.
9 (RLIN) 37401
651 #0 - SUBJECT ADDED ENTRY--GEOGRAPHIC NAME
Geographic name Kabul (Afghanistan)
Form subdivision Fiction.
9 (RLIN) 37402
651 #0 - SUBJECT ADDED ENTRY--GEOGRAPHIC NAME
Geographic name Afghanistan
Form subdivision Fiction.
9 (RLIN) 37403
856 42 - ELECTRONIC LOCATION AND ACCESS
Materials specified Contributor biographical information
Uniform Resource Identifier <a href="http://www.loc.gov/catdir/bios/simon053/2004567972.html">http://www.loc.gov/catdir/bios/simon053/2004567972.html</a>
856 42 - ELECTRONIC LOCATION AND ACCESS
Materials specified Publisher description
Uniform Resource Identifier <a href="http://www.loc.gov/catdir/description/simon052/2004567972.html">http://www.loc.gov/catdir/description/simon052/2004567972.html</a>
906 ## - LOCAL DATA ELEMENT F, LDF (RLIN)
a 7
b cbc
c orignew
d 3
e ncip
f 20
g y-genmusic
942 ## - ADDED ENTRY ELEMENTS (KOHA)
Source of classification or shelving scheme Library of Congress Classification
Koha item type Monograph ( Printed materials)
Holdings
Withdrawn status Lost status Source of classification or shelving scheme Damaged status Not for loan Collection code Home library Current library Shelving location Date acquired Total Checkouts Full call number Barcode Date last seen Price effective from Koha item type
    Library of Congress Classification     Main Collection ARRUPE COLLEGE BOOKSTORE ARRUPE COLLEGE BOOKSTORE Main Collection 07/11/2017   PR-518-1 46500026364 07/11/2017 07/11/2017 Monograph ( Printed materials)
    Library of Congress Classification     Main Collection ARRUPE COLLEGE BOOKSTORE ARRUPE COLLEGE BOOKSTORE Main Collection 07/11/2017   PR-518-2 46500026365 07/11/2017 07/11/2017 Monograph ( Printed materials)
    Library of Congress Classification     Main Collection ARRUPE COLLEGE BOOKSTORE ARRUPE COLLEGE BOOKSTORE Main Collection 07/11/2017   PR-518-3 46500026366 07/11/2017 07/11/2017 Monograph ( Printed materials)
    Library of Congress Classification     Main Collection ARRUPE COLLEGE BOOKSTORE ARRUPE COLLEGE BOOKSTORE Main Collection 07/11/2017   PR-518-4 46500026367 07/11/2017 07/11/2017 Monograph ( Printed materials)
    Library of Congress Classification     Main Collection ARRUPE COLLEGE BOOKSTORE ARRUPE COLLEGE BOOKSTORE Main Collection 07/11/2017   PR-518-5 46500026368 07/11/2017 07/11/2017 Monograph ( Printed materials)

 

Arrupe Library. PO Box MP320 Mt Pleasant, Harare, Zimbabwe
263 242 745411|librarian@aju.ac.zw